000 00635nam a2200217 i 4500
001 27704
003 ES-MaACL
005 20250805063233.0
007 t|
008 030115s1968 sp ||||1| spa d
080 _a821.134.2-31"19"
100 1 _aJuan Arbó, Sebastián,
_d1902-1984
_967101
245 1 3 _aLa espera /
_cSebastián Juan Arbó.
250 _a1ª ed.
260 _aBarcelona :
_bPlaza & Janés,
_c1968.
300 _a398 p. ;
_c19 cm.
490 1 _aProsistas de lengua española
830 0 _aProsistas de lengua española
_9181660
852 _aES-MaACL
_jC-56807
_bR.67671
999 _c27704
_d27704